| 000 | 00657nam a2200229 a 4500 | ||
|---|---|---|---|
| 005 | 20241114063740.0 | ||
| 008 | 010924s1994 mx r 000 0 spa d | ||
| 020 | _a8432308269 | ||
| 035 | _aUPN01000112788 | ||
| 049 | _aCG | ||
| 050 | 4 |
_aRC454 _bF4.4 |
|
| 100 | 1 | _aFernández-Ríos, Luis | |
| 245 | 1 | 0 |
_aManual de psicología preventiva : _bteoría y práctica / _cLuis Fernandez-Ríos. |
| 260 |
_aMadrid, Esp. : _bSiglo XXI, _c1994. |
||
| 300 | _aXXI, 581 p. | ||
| 440 | 0 | _aManuales. Psicología | |
| 650 | 4 |
_aENFERMEDADES MENTALES - _xPREVENCION _914186 |
|
| 650 | 4 |
_aSalud mental _922888 |
|
| 901 | _a176581 | ||
| 902 | _aLG/rrm | ||
| 905 | _aLibro | ||
| 999 |
_c86696 _d86696 |
||